Religion Quiz

Random Religion or Book Quiz

The Bible: Which Comes First? Quiz Stats

 Plays Quiz Updated Jan 7, 2015

Challenge
Share
Tweet
Embed
Score 0/20 Timer 06:00
2 Plays Today
Book (A) A or B? % Correct
Luke???
87.3%
Ephesians???
83%
Revelation???
75.5%
2 Thessalonians???
74%
Ruth???
72.8%
Jonah???
72.1%
Song of Songs???
71.7%
Psalms???
69.9%
Numbers???
69.9%
Galatians???
69.9%
Book (A) A or B? % Correct
Hosea???
67.8%
Joel???
67.6%
Jeremiah???
64.2%
2 Chronicles???
63.5%
2 Kings???
61.7%
1 Peter???
58.9%
Ezra???
58.8%
Colossians???
55.4%
James???
51.6%
Esther???
41%

You're not logged in!

Compare scores with friends on all Sporcle quizzes.
Join for Free
OR
Log In

You Might Also Like...

Show Comments

Extras

Top Quizzes Today


Score Distribution

Your Account Isn't Verified!

In order to create a playlist on Sporcle, you need to verify the email address you used during registration. Go to your Sporcle Settings to finish the process.

Report this User

Report this user for behavior that violates our Community Guidelines.

Details: